Score 0/7 Timer 03:00
0 Plays Today
Question Answer Wrong Answers
Starring William Shatner and Leonard Nimoy, “______: The Motion Picture”, the first movie of the series, premieres.
1979
Star Trek
96.5%
Twilight Zone
1.1%
Doctor Who
0.6%
Lost in Space
0.7%
This man, whose first language was Dutch, is elected the 8th President of the United States, becoming the first president not born a British subject.
1836
Martin Van Buren
89.8%
Andrew Jackson
4.2%
William Henry Harrison
3.1%
John Tyler
2.8%
This footballer wins his 5th FIFA Ballon d’Or, equalling Lionel Messi’s record.
2017
Cristiano Ronaldo
86.1%
Neymar
4.1%
Wayne Rooney
3.7%
Luis Suárez
4%
The Recording Industry Association of America sues this peer-to-peer file-sharing service, alleging copyright infringement.
1999
Napster
86%
Kazaa
2.5%
LimeWire
8.2%
Gnutella
1.2%
This American basketball player, coach, and executive, the NBA’s MVP for three consecutive years from 1984–1986, is born in Indiana.
1956
Larry Bird
71.5%
Kevin McHale
5%
Magic Johnson
20.5%
James Worthy
2.7%
Apollo ______, the last Apollo moon mission, is launched. The crew takes the iconic photograph, “The Blue Marble”, as they leave Earth.
1972
17
58.5%
11
7.8%
13
28.8%
21
4.4%
Six years after it was launched, the Galileo spacecraft arrives at ______, leading to many new discoveries about our solar system.
1995
Jupiter
45%
Pluto
12.2%
Mercury
6%
Mars
35.1%
Remove Ads.
Support Sporcle.
Get the best of Sporcle when you Go Orange. This ad-free experience offers more features, more stats, and more fun while also helping to support Sporcle. Thank you for becoming a member.

You're not logged in!

Compare scores with friends on all Sporcle quizzes.
OR
Log In

Show Comments

Extras

Top Quizzes Today


Score Distribution

Your Account Isn't Verified!

In order to create a playlist on Sporcle, you need to verify the email address you used during registration. Go to your Sporcle Settings to finish the process.

Report this User

Report this user for behavior that violates our Community Guidelines.

Details: